Best New Zealand Films of All Time - Statistics

General Stats
  • This quiz has been taken 163 times
  • The average score is 9 of 40
Answer Stats
Rank Director Answer % Correct
25 Peter Jackson LOTR: The Fellowship of the Ring
80%
23 Peter Jackson LOTR: The Return of the King
80%
30 Peter Jackson LOTR: The Two Towers
80%
1 Taika Waititi Boy
76%
2 Lee Tamahori Once Were Warriors
62%
6 Jane Campion The Piano
60%
3 Niki Caro Whale Rider
56%
38 Peter Jackson The Hobbit: An Unexpected Journey
41%
4 Geoff Murphy Goodbye Pork Pie
35%
13 Murray Ball Footrot Flats: The Dog's Tale
33%
5 Peter Jackson Heavenly Creatures
33%
32 Peter Jackson The Frighteners
25%
20 Taika Waititi Eagle vs Shark
21%
15 Peter Jackson Bad Taste
19%
35 Peter Jackson Meet the Feebles
18%
9 Roger Donaldson Smash Palace
17%
8 Geoff Murphy Utu
17%
22 Robert Sarkies Scarfies
15%
29 Jonathan King Black Sheep
14%
21 Peter Jackson Braindead
14%
18 Chris Graham Sione's Wedding
14%
12 Roger Donaldson The World's Fastest Indian
14%
16 Ian Mune Came a Hot Friday
12%
17 Jane Campion An Angel at My Table
9%
14 Robert Sarkies Out of the Blue
8%
11 Roger Donaldson Sleeping Dogs
7%
7 Brad McGann In My Father's Den
6%
40 Vincent Ward River Queen
6%
10 Geoff Murphy The Quiet Earth
5%
34 Hamish Rothwell Stickmen
4%
39 Peter Jackson, Costa Botes Forgotten Silver
3%
26 Christine Jeffs Rain
3%
28 Vincent Ward The Navigator: A Medieval Odyssey
3%
36 Tusi Tamasese The Orator
3%
27 Barry Barclay Ngati
2%
31 Paul Murphy Second Hand Wedding
2%
19 Vincent Ward Vigil
2%
33 Leon Narbey Illustrious Energy
0%
24 Rosemary Riddell The Insatiable Moon
0%
37 Vincent Ward The Rain of the Children
0%
No matching quizzes found
Score Distribution
Percent of People with Each Score
Percentile by Number Answered
Your Score History
You have not taken this quiz